Southville International School and Colleges
Your cart is empty.
  • Cart
  • Lists
    Public lists Eva Luna New books Lux_list list_1
    Your lists Log in to create your own lists
  • Log in to your account
  • Your cookies
  • Search history
Southville International School and Colleges
  • Advanced search
  • Recent comments
  • Most popular
  • Libraries

Log in to your account

Log in with GOOGLE


If you do not have an external account, but do have a local account, you can still log in:

  1. Home
  2. MARC view: Quick & easy medical terminology /
Normal view MARC view ISBD view

Quick & easy medical terminology / (Record no. 362253)

[ view plain ]
MARC details
000 -LEADER
fixed length control field 00489nam a2200157Ia 4500
008 - FIXED-LENGTH DATA ELEMENTS--GENERAL INFORMATION
fixed length control field 191017s9999 xx 000 0 und d
020 ## - INTERNATIONAL STANDARD BOOK NUMBER
International Standard Book Number 9780323595995
100 ## - MAIN ENTRY--PERSONAL NAME
Personal name Leonard, Peggy C.
245 ## - TITLE STATEMENT
Statement of responsibility, etc Peggy C. Leonard.--
Title Quick & easy medical terminology /
250 ## - EDITION STATEMENT
Edition statement 10th ed.
260 ## - PUBLICATION, DISTRIBUTION, ETC. (IMPRINT)
Place of publication, distribution, etc St. Louis, Missouri :
Name of publisher, distributor, etc Elseiver,
Date of publication, distribution, etc 2020.
300 ## - PHYSICAL DESCRIPTION
Extent xii, 443 pages:
Other physical details color illustrations ;
Dimensions 24 cm
500 ## - GENERAL NOTE
General note Includes index.
650 ## - SUBJECT ADDED ENTRY--TOPICAL TERM
Topical term or geographic name as entry element Medicine -- Terminology.
650 ## - SUBJECT ADDED ENTRY--TOPICAL TERM
Topical term or geographic name as entry element Medicine.
Holdings
Withdrawn status Lost status Damaged status Home library Current library Shelving location Date acquired Source of acquisition Total Checkouts Full call number Barcode Date last seen Price effective from Koha item type
      South SEED-LPDH College Library South SEED-LPDH College Library South SEED-LPDH College Section 10/17/2019 Library Fund   R 123 .L581 2020 SSLC1873 10/17/2019 10/17/2019 Books

Quick & easy medical terminology /

APA

Leonard P. C., . (2020). Quick & easy medical terminology. St. Louis, Missouri: Elseiver.

Chicago

Leonard Peggy C, . 2020. Quick & easy medical terminology. St. Louis, Missouri: Elseiver.

Harvard

Leonard P. C., . (2020). Quick & easy medical terminology. St. Louis, Missouri: Elseiver.

MLA

Leonard Peggy C, . Quick & easy medical terminology. St. Louis, Missouri: Elseiver. 2020.

  • Place hold
  • Print
  • Cite
  • Add to your cart (remove)
  • Save record
    BIBTEX Dublin Core MARCXML MARC (non-Unicode/MARC-8) MARC (Unicode/UTF-8) MARC (Unicode/UTF-8, Standard) MODS (XML) RIS
  • More searches
    Search for this title in:
    Other Libraries (WorldCat) Other Databases (Google Scholar) Online Stores (Bookfinder.com) Open Library (openlibrary.org)

Exporting to Dublin Core...

SOUTHVILLE LIBRARY

Southville International School and Colleges Library

1281 Tropical Ave. Cor. Luxembourg St., BF Homes International, Las Pinas City

Tel. No. 8256374 / 252358 Loc. 117/146

Powered by Koha